000 00805nam0a22002531 4500
001 rc\3628393
005 20130115144656.2
021 _aRU
_bРг4319-72
021 _aRU
_b72-36
035 _a(NLR Aleph) 007721975
090 _a6961491
_c6961491
100 _a20130115d1971 |||y0rusy50 ca
101 0 _arus
102 _aRU
105 _ay z |||||
200 1 _aТвой дядя Миша
_fРед. Гос. акад. Малого театра
_gОтд. распространения драм. произведений ВУОАП
210 _aМосква
_cБ. и.
_d1971
215 _a74 л.
_d28
700 1 _aМдивани
_bГ. Д.
_f1905-1981
_gГеоргий Давидович
801 0 _aRU
_bNLR
_gpsbo
801 1 _aRU
_bELAR
_2rusmarc
852 _aNLR
_j72-8/338
942 _cBOOK
980 _aNB